|
|
|
|
| LEADER |
00000cam a2200000 7i4500 |
| 001 |
0000002293 |
| 002 |
000002496 |
| 005 |
20000330.0 |
| 020 |
|
|
|a 9836229426
|
| 090 |
0 |
0 |
|a J 338.1749
|b MOH
|
| 100 |
0 |
|
|a Mohamad Dahlan Jantan
|
| 245 |
1 |
0 |
|a Industri kayu-kayan
|c Mohamad Dahlan Jantan dan Ashaari Haji Amir
|
| 260 |
|
|
|a Kuala Lumpur :
|b DBP ,
|c 1993
|
| 300 |
|
|
|a 38 p. :
|b ill. ;
|c 28 cm.
|
| 490 |
0 |
|
|a Siri pengeluaran komoditi Malaysia
|
| 650 |
0 |
0 |
|a Forest and forestry
|x Juvenile literature
|
| 650 |
0 |
0 |
|a Lumber trade
|x Juvenile literature
|
| 999 |
|
|
|a 035734
|b BUKU
|c PINJAMAN
|e PERPUSTAKAAN KOMUNITI PETALING JAYA
|
| 999 |
|
|
|a 035735
|b BUKU
|c PINJAMAN
|e PERPUSTAKAAN KOMUNITI PETALING JAYA
|